| 000 | | | 03647nmc2a2200000 x 450 |
| 001 | | | 0dc8153a-6bf1-4c3a-83af-330d00d6b5d7 |
| 005 | | | 20171212172120.0 |
| 100 | ## | $a | 20140505l19091909k l0rusy0189 ca |
| 101 | 0# | $a | rus |
| 102 | ## | $a | RU |
| 200 | 1# | $a | Обзоры финляндской периодической печати |
| | $j | 1909 г. |
| 251 | ## | $c | Дело |
| 300 | ## | $a | Дело |
| 801 | #0 | $a | RU |
| | $b | РГИА |
| | $c | 20140505 |
| | $g | RCR |
| 801 | #1 | $a | RU |
| | $b | ГлавНИВЦ |
| | $c | 20140505 |
| | $2 | rusmarc |
| 801 | #2 | $a | RU |
| | $b | ПБ им. Б.Н. Ельцина |
| | $c | 20171212 |
| | $g | RCR |
| | $2 | rusmarc |
| 850 | ## | $a | РГИА |
| 852 | ## | $a | РГИА |
| | $e | Федеральное казенное учреждение "Российский государственный исторический архив" (РГИА) |
| | $j | 406 |
| | $l | а |
| 937 | ## | $h | РГИА |
| | $d | 11274162 |
| | $a | ASBIBLIO_SCAN |
| 462 | #0 | $1 | 001c0aebd74-6096-49b1-b6be-ea214839d8aa |
| | $1 | 2001 |
| | $a | Доклады, обзоры и вырезки из русской и иностранной периодической печати |
| | $1 | 251 |
| | $c | Опись |
| | $1 | 852 |
| | $j | 1 |
| 461 | #0 | $1 | 00170bfa5a4-889e-44db-9b74-75899b008a1e |
| | $1 | 2001 |
| | $a | Обзоры печати, выписки и вырезки из печати (коллекция) |
| | $1 | 251 |
| | $c | Фонд |
| | $1 | 852 |
| | $j | 1470 |
| 215 | ## | $a | 777 л. |
| | $d | 36,5х26 см |
| 371 | ## | $a | Документ не является опубликованным и широко распространяемым |
| 105 | ## | $a | y### |
| 122 | 2# | $a | d |
| 035 | ## | $a | 0dc8153a-6bf1-4c3a-83af-330d00d6b5d7 |
| 856 | ## | $u | http://readingroom.main.prlib.ru/item.aspx?id_node=n111578152&mode=full |